000 01049nam0a22002531 4500
001 rc\2771714
005 20250806205359.0
035 _a(NLR Aleph) 006898078
090 _a27675
_c27675
100 _a20110915d1941 u y0rusy50 ca
101 0 _arus
102 _aRU
105 _ay z |||||
200 1 _aИнструкция о порядке календарного планирования погрузки и организации ступенчатых маршрутов из сборных поездов по методу Осипова
_fНар. ком. пут. сообщ.
210 _a[Москва]
_cТрансжелдориздат
_d1941
215 _a16 с., без тит. л.
_d14 см.
712 0 1 _aСССР
_bНародный комиссариат путей сообщения
_3RU\NLR\AUTH\8810086735
801 0 _aRU
_bNLR
_gpsbo
801 1 _aRU
_bELAR
_2rusmarc
852 _aNLR
_jТ88 Г-2/77
942 _cBOOK
945 _aРоссийская национальная библиотека
980 _aNB
980 _aBV